দানবীয় করোনাভাইরাস সার্স-কোভি-২ : (Record no. 80267)
[ view plain ]
| 000 -LEADER | |
|---|---|
| fixed length control field | 00811nam a2200217 a 4500 |
| 001 - CONTROL NUMBER | |
| control field | 80267 |
| 003 - CONTROL NUMBER IDENTIFIER | |
| rucl marc code | BD-RjUL |
| 005 - DATE AND TIME OF LATEST TRANSACTION | |
| control field | 20220831105030.0 |
| 008 - FIXED-LENGTH DATA ELEMENTS--GENERAL INFORMATION | |
| fixed length control field | 220831s2022 bg ||||| |||| 00| 0 ben d |
| 020 ## - INTERNATIONAL STANDARD BOOK NUMBER | |
| International Standard Book Number | 9789849622413 |
| 035 ## - SYSTEM CONTROL NUMBER | |
| System control number | (BD-RjUL)80267 |
| 040 ## - CATALOGING SOURCE | |
| Original cataloging agency | BD-RjUL |
| Language of cataloging | eng |
| Transcribing agency | BD-RjUL |
| 041 ## - LANGUAGE CODE | |
| Language code of text/sound track or separate title | ben |
| 082 ## - DEWEY DECIMAL CLASSIFICATION NUMBER | |
| Edition number | 23 |
| Classification number | 616.2414 |
| Author mark and year | HAD 2022 |
| 100 ## - MAIN ENTRY--PERSONAL NAME | |
| Personal name | হক, রাশিদুল |
| 9 (RLIN) | 4565 |
| 245 ## - TITLE STATEMENT | |
| Title | দানবীয় করোনাভাইরাস সার্স-কোভি-২ : |
| Remainder of title | বিজ্ঞানভিত্তিক পর্যালোচনা / |
| Statement of responsibility, etc. | রাশিদুল হক |
| 260 ## - PUBLICATION, DISTRIBUTION, ETC. (IMPRINT) | |
| Place of publication, distribution, etc. | ঢাকা : |
| Name of publisher, distributor, etc. | সতীর্থ প্রকাশনা, |
| Date of publication, distribution, etc. | ২০২২ |
| 650 ## - SUBJECT ADDED ENTRY--TOPICAL TERM | |
| Topical term or geographic name as entry element | কোভিড ১৯ (রোগ) |
| 9 (RLIN) | 4548 |
| Topical term or geographic name as entry element | COVID-19 (Disease) |
| 942 ## - ADDED ENTRY ELEMENTS (KOHA) | |
| Source of classification or shelving scheme | Dewey Decimal Classification |
| Koha item type | Books |
| Lost status | Source of classification or shelving scheme | Damaged status | Not for loan | Collection code | Permanent Location | Current Location | Shelving location | Date acquired | Source of acquisition | Cost, normal purchase price | Total Checkouts | Full call number | Date last seen | Copy number | Koha item type |
|---|---|---|---|---|---|---|---|---|---|---|---|---|---|---|---|
| Dewey Decimal Classification | Not For Loan | Non-fiction | Central Library, University of Rajshahi | Central Library, University of Rajshahi | Reading Room | 14/08/2022 | Author | 350.00 | B 616.2414 HAD 2022 | 31/08/2022 | C-1 | Books |